000
00212nam a2200085Ia 4500
008
250605s9999 xx 000 0 und d
041
_a
eng
100
_a
Vagisha Singh
245
_a
Volvo Eicher Commercial Vehicles Ltd.
999
_c
46429
_d
46429